000 00612nam a2200193Ia 4500
005 20250508170227.0
008 008 250505s9999 xx 000 0 eng d
037 _aDissertations
040 _aFEDL
_beng
_cFEDL
041 _aeng
_2eng
084 _a331.4, RAS/DI
_qFEDL
100 _aRastogi Vani
_9783531
245 0 _aFinancial literacy among the women of the central institute of education, University of Delhi: An exploratory study
260 _c2023
300 _a72p.
546 _aM.Ed. Dissertation (Delhi University)
942 _cDIS
_h331.4, RAS/DI
999 _c1399913
_d1399913